| 000 | 01176nam a22003377a 4500 | ||
|---|---|---|---|
| 003 | CHAP | ||
| 005 | 20220329143148.0 | ||
| 008 | 060911d2006 mx d r 00110 spa d | ||
| 010 | _a92707 | ||
| 011 | _a93679 | ||
| 020 | _a9688847054 | ||
| 035 | _a104259 | ||
| 040 | _cCHAP | ||
| 082 | 0 | 4 |
_a519.92 _bC3 2006 |
| 100 | 0 | 0 |
_aCastillo Márquez, Luis Emilio. _920176 |
| 245 | 1 | 0 |
_aIntroducción a la estadística experimental _c/por Luis Emilio Castillo Márquez |
| 250 | _a3 ed. | ||
| 260 |
_aChapingo, Méx. : _bUACH. Departamento de Parasitología Agrícola, _c2006 |
||
| 300 |
_a293 p. ; _bgráfs. ; cuadros |
||
| 590 |
_aBATCH-UPD _b10 _c20130110 _lUCH01 _h1604 |
||
| 590 |
_aBATCH-UPD _b10 _c20130410 _lUCH01 _h1000 |
||
| 590 |
_aBATCH-UPD _b10 _c20130914 _lUCH01 _h0857 |
||
| 590 |
_aCONVERSION _b10 _c20130109 _lUCH01 _h1351 |
||
| 650 | 1 | 4 |
_aDiseños experimentales. _932735 |
| 650 | 1 | 4 |
_aEstadística. _938241 |
| 901 | _aBK | ||
| 905 | _aMarco A. Mendoza T. | ||
| 942 | _cLIBRO | ||
| 949 |
_a519.92 C3 2006 _bBC _cLIBRO _d33724002119751 _eLIBRO _fc.2 _gDonaciØn _h108215 _i104259 _si |
||
| 949 |
_a519.92 C3 2006 _bBC _cUACH _d00000001042591 _eUACH _gDonaciØn _h108214 _i104259 _sb |
||
| 999 |
_c92707 _d92707 |
||